00989nam a2200205 a 450000100060000000300090000600800410001502000150005604000280007108200170009910000450011624500200016126000430018130000110022450503720023565000460060765000260065365000470067965000570072616140CO-ViMGA141112s2004 ck r 000 u spa d a8430604464 aCO-ViMGAbspacCO-ViMGA04a658.84 T167c1 aTapscott, Don; Ticoll, David; Lowy, Alex10aCapital Digital aMadríd (España) : bTaurus, c2001 a343.p. aLa innovación del valor a traves de las redes de negocios Los nuevos modelos de creación de riqueza : Las ágoras Las agregaciones Las cadenas de valor Las alianzas Las redes distributivas Las personas : El capital humano de la red de negocios El Marketing : El capital de relación en la Web ¿Cómo se teje una red de negocios? La cosecha del capital digital14aADMINISTRACION DE SISTEMAS DE INFORMACION14aCAMBIO ORGANIZACIONAL14aCOMERCIO ELECTRONICO - ASPECTOS ECONOMICOS14aINTERNET - RED DE COMPUTADORES - ASPECTOS ECONOMICOS